South park hard trivia 69 questions Quiz Stats

 Plays Quiz not verified by Sporcle

Challenge
Share
Tweet
Embed
Score 0/69 Timer 20:00
0 Plays Today
hint answer % Correct
screw you guys im going______home
92.9%
who is mysterionkenny
91.1%
who is the poor kid in south parkkenny
91.1%
what religion is kylejewish
90.5%
who is the cooncartman
90.5%
'Dad Tom Cruise won't come out of the ____'closet
90.5%
what year did south park premiere1997
88.7%
did randy vote for obama or mccaineobama
86.9%
what social networking site does stan get sucked intofacebook
82.1%
who is the rich kid in south parktoken
81%
who is the boss of the jonas brothersmickey mouse
79.8%
who replaced mr hat the first timemr. twig
79.2%
who took a deuce in te urinalstan
73.2%
what is cartmans cats namemr. kitty
70.8%
where was kyle really bornnew jersey
68.5%
who replaced mr hat the second timemr. slave
68.5%
what is the name of the boy band cartman startsfingerbang
67.3%
cartmans mom is a _____ _____dirty ****
66.7%
which gang is crippled by birthcrips
65.5%
in the ep. eek a penis what is mr garrison growinga penis
64.9%
what is the name of the lesbian bar in D-Yikesles bos
64.9%
what is cartmans bands namefaith+1
62.5%
who is cartmans dad before ep. 201his mom
61.9%
what movie does cartman use to trie to exterminate the jewsthe passion of the christ
61.3%
who is the devils sondamien
59.5%
what ep. is cartman's birthdaydamien
59.5%
where is sadam currentlyheaven
58.9%
how old are the boys nine
58.3%
what does tom cruise packfudge
58.3%
what was the name of terrance and phillips movieasses of fire
56%
which character was the 5th member of the boy bandwendy
55.4%
who is the best dodgeball player in south parkpip
53%
which gang is crippled by accidentbloods
53%
who rivals randy in 'The losing edge'batdad
51.8%
how much money does the lochness monster want3.50
51.8%
hint answer % Correct
what ep. was towelie introducedtowelie
48.2%
what sword is in the ep. make love not warcraftthe sword of a thousand truths
46.4%
what is stans superhero nametoolshed
45.2%
what is stan, kyle, and kenny's bands namemoop
45.2%
what episode does chef diethe return of chef
43.5%
who is cartmans dad after ep. 201jack tenorman
43.5%
What kind of cake does satan order for hell on earth 2006a ferrari cake
42.3%
what ep. was Jimmy introducedcripple fight
41.1%
what ep. was Timmy introducedtimmy 2000
40.5%
what is the name of terrance and phillips tv specialnot without my anus
39.9%
what is jewish boy scouts calledjewbilee
37.5%
what ep. is kyles birthdaycasa bonita
36.9%
what famous elvis song does cartman sing while at kenny's housein the ghetto
36.3%
What is their 100th episodeim a little bit country
35.1%
what ep. is the season 15 premierehumancentipad
35.1%
something_________this way comeswallmart
35.1%
what is paris hilton's perfumeskank
34.5%
what ep. is grampa marsh's birthdaydeath
33.3%
according to awesome-o how much wood could a wood chuck chuck17
32.1%
what ep. does cartman dress up as a piratefatbeard
31.5%
what ep. does cartman pretend to be a tooth fairytooth fairy tats
30.4%
what ep. was butters introducedtwo guys naked in a hot tub
28.6%
what song does cartman sing when kenny diesheat of the moment
28%
what grand theft auto game does cartman want in the ep. margarita villechina town wars
23.8%
in the ep. krazy kripples what is timmys nicknameroller
19.6%
who solved the mystery of the deuce in the urinalthe hardy boys
19.6%
what is the cheep knock off of the iPadthe toshiba handibook
17.3%
what is the common pizza place in south parkwhistling willies
16.7%
what is stans wrestling namestan the man
14.3%
what ep. did the parents teach the boys about 69ingthe return of the fellowship of the ring to the two towers
14.3%
what song does stan play to get wendy back in raisinsshock the monkey
13.7%
what ep. is stan's birthdaywhale ****
6%
what is the name of wendy's bookgoing rouge with the smurfs
1.2%
how do you say oh my god you killed kenny in spanishoh dios mios mataro el polio loco bastardos
0.6%

You're not logged in!

Compare scores with friends on all Sporcle quizzes.
OR
Log In

You Might Also Like...

Show Comments

Extras

Created Apr 28, 2011ReportNominate
Tags:200, hard, park, south

Top Quizzes Today


Score Distribution

Your Account Isn't Verified!

In order to create a playlist on Sporcle, you need to verify the email address you used during registration. Go to your Sporcle Settings to finish the process.

Report this User

Report this user for behavior that violates our Community Guidelines.

Details: